| 000 | 00389nam a22001097a 4500 | ||
|---|---|---|---|
| 040 | _cRUA | ||
| 082 | _aAID JUN 2010 C063 Or. | ||
| 245 |
_aCOMMUNITY BASED AVIAN INFLUENZA RISK REDUCTION PROJECT: _bTraining Manual on village,Surveillance system, Bio-security Demonstration Farms, and Monitoring & Evaluation. |
||
| 260 |
_aphnom penh _brua _c2010 |
||
| 300 |
_a38p. _bill. _c25cm. |
||
| 942 | _cREC | ||
| 999 |
_c22165 _d22165 |
||